[Event "20th EUR-ch"]
[Site "Skopje MKD"]
[Date "2019.03.27"]
[Round "9"]
[White "Fressinet, Laurent"]
[Black "Rozum, Ivan"]
[Result "1/2-1/2"]
[WhiteElo "2652"]
[BlackElo "2573"]
[EventDate "2019.03.18"]
[Board "33"]
[PlyCount "113"]

1.e4 c6 2.d4 d5 3.e5 Bf5 4.Nf3 e6 5.Be2 c5 6.Be3 Qb6 7.Nc3 Nc6 8.O-O Qxb2 
9.Qe1 cxd4 10.Bxd4 Nxd4 11.Nxd4 Bb4 12.Rb1 Bxc3 13.Rxb2 Bxe1 14.Rxe1 b6 
15.Rb3 Ne7 16.Rc3 Rc8 17.Rxc8+ Nxc8 18.h4 h5 19.Bb5+ Kd8 20.Nxf5 exf5 21.
Rd1 Ne7 22.c4 Ng6 23.Rxd5+ Kc8 24.Bd7+ Kb8 25.g3 Ne7 26.Rd3 Kc7 27.e6 Ng6 
28.Bb5 Rd8 29.Ra3 Rd1+ 30.Kg2 fxe6 31.Rxa7+ Kd8 32.Rxg7 Ne5 33.a4 Rd2 34.
Kf1 Rc2 35.Rb7 Ng4 36.Rxb6 Rxf2+ 37.Ke1 e5 38.a5 Ra2 39.a6 f4 40.gxf4 exf4
41.c5 f3 42.Rb8+ Kc7 43.Rb7+ Kd8 44.Rd7+ Kc8 45.Rf7 f2+ 46.Kd1 Ne3+ 47.Kc1
Rc2+ 48.Kb1 Rxc5 49.Bd3 f1=Q+ 50.Bxf1 Nxf1 51.Rxf1 Kb8 52.Rf4 Ra5 53.Kc2 
Ka7 54.Kd3 Kxa6 55.Ke4 Kb6 56.Rf6+ Kc7 57.Kf4 1/2-1/2

[Event "20th EUR-ch"]
[Site "Skopje MKD"]
[Date "2019.03.27"]
[Round "9"]
[White "Moiseenko, Olexandr"]
[Black "Halkias, Stelios"]
[Result "1/2-1/2"]
[WhiteElo "2648"]
[BlackElo "2552"]
[EventDate "2019.03.18"]
[Board "34"]
[PlyCount "72"]

1.d4 Nf6 2.c4 e6 3.Nc3 Bb4 4.Bg5 h6 5.Bh4 c5 6.d5 O-O 7.e3 exd5 8.cxd5 d6 
9.Bd3 Bxc3+ 10.bxc3 Nbd7 11.Ne2 Ne5 12.O-O Re8 13.f3 Bd7 14.e4 b5 15.Kh1 
a5 16.a3 Rb8 17.Rb1 Qe7 18.Rb2 Rb7 19.h3 Reb8 20.Nc1 Ng6 21.Bg3 Nh5 22.Bh2
Nhf4 23.Ne2 Qf6 24.Qd2 Nxd3 25.Qxd3 b4 26.axb4 axb4 27.Rfb1 Bb5 28.Qd2 
Bxe2 29.Qxe2 Nf4 30.Qc4 Nxh3 31.e5 dxe5 32.Qxc5 Nf4 33.Bxf4 exf4 34.Rxb4 
Rxb4 35.cxb4 Re8 36.Qf2 Qc3 1/2-1/2

[Event "20th EUR-ch"]
[Site "Skopje MKD"]
[Date "2019.03.27"]
[Round "9"]
[White "Alexeev, Evgeny"]
[Black "Nasuta, Grzegorz"]
[Result "1-0"]
[WhiteElo "2640"]
[BlackElo "2517"]
[EventDate "2019.03.18"]
[Board "35"]
[PlyCount "81"]

1.c4 g6 2.Nc3 c5 3.g3 Bg7 4.Bg2 Nc6 5.d3 d6 6.Rb1 Bd7 7.e3 a6 8.Nge2 Rb8 
9.b3 h5 10.h3 b5 11.Bb2 b4 12.Ne4 Bxb2 13.Rxb2 h4 14.d4 hxg3 15.fxg3 f5 
16.Ng5 e5 17.h4 Qe7 18.O-O Nf6 19.dxc5 dxc5 20.Bd5 Nd8 21.Rd2 Ng4 22.Qa1 
Rh5 23.Re1 Be6 24.Nxe6 Nxe6 25.Bxe6 Qxe6 26.Nf4 Qc6 27.Nxh5 gxh5 28.Rd5 
Rd8 29.Rxe5+ Nxe5 30.Qxe5+ Kd7 31.Rd1+ Kc8 32.Qxf5+ Kc7 33.Qe5+ Kc8 34.
Qf5+ Kc7 35.Qf7+ Kc8 36.Rxd8+ Kxd8 37.Qxh5 a5 38.Qg5+ Kc8 39.Qf5+ Kb7 40.
h5 Qd6 41.Kg2 1-0

[Event "20th EUR-ch"]
[Site "Skopje MKD"]
[Date "2019.03.27"]
[Round "9"]
[White "Martinovic, Sasa"]
[Black "Volokytin, Andriy"]
[Result "1/2-1/2"]
[WhiteElo "2558"]
[BlackElo "2635"]
[EventDate "2019.03.18"]
[Board "36"]
[PlyCount "119"]

1.d4 Nf6 2.c4 e6 3.Nc3 Bb4 4.Qc2 d5 5.cxd5 exd5 6.Bg5 c5 7.dxc5 h6 8.Bh4 
O-O 9.e3 Be6 10.Nf3 Nbd7 11.Be2 Rc8 12.O-O Nxc5 13.a3 Bxc3 14.Qxc3 g5 15.
Bg3 Nfe4 16.Qe1 Bf5 17.Qd1 Nxg3 18.hxg3 Be4 19.Nd4 Qf6 20.Rc1 Ne6 21.Qd2 
Nxd4 22.exd4 Kg7 23.g4 Rfe8 24.b4 Bg6 25.f3 Qf4 26.Qxf4 gxf4 27.Kf2 b6 28.
Bb5 Rxc1 29.Rxc1 Re3 30.g3 Rxa3 31.gxf4 Bd3 32.Bxd3 Rxd3 33.Ra1 Rxd4 34.
Ke3 Rxb4 35.Rxa7 Rb3+ 36.Ke2 Rb2+ 37.Ke3 Rb3+ 38.Ke2 Rb4 39.f5 Kf6 40.Rd7 
d4 41.f4 Rb2+ 42.Kf3 Rb3+ 43.Ke4 Rg3 44.Rxd4 Rxg4 45.Rd6+ Kg7 46.Kf3 h5 
47.Rxb6 Rg1 48.Rb2 Ra1 49.Rg2+ Kf6 50.Rg5 Rf1+ 51.Ke4 Rh1 52.Kf3 h4 53.Kg2
Rc1 54.Rh5 Rc3 55.Rxh4 Kxf5 56.Rh7 f6 57.Rf7 Rc4 58.Kg3 Rxf4 59.Rxf6+ Kxf6
60.Kxf4 1/2-1/2

[Event "20th EUR-ch"]
[Site "Skopje MKD"]
[Date "2019.03.27"]
[Round "9"]
[White "Kobalia, Mikhail"]
[Black "Sivuk, Vitaly"]
[Result "1-0"]
[WhiteElo "2627"]
[BlackElo "2514"]
[EventDate "2019.03.18"]
[Board "37"]
[PlyCount "83"]

1.e4 e5 2.Nf3 Nc6 3.Bb5 Nf6 4.d3 d6 5.O-O Bd7 6.c4 g6 7.Nc3 Bg7 8.h3 O-O 
9.Be3 Ne7 10.d4 Bxb5 11.cxb5 d5 12.dxe5 Nxe4 13.Rc1 a6 14.bxa6 Nxc3 15.
Rxc3 Rxa6 16.Qb3 b6 17.Bg5 h6 18.Bxe7 Qxe7 19.Rfc1 c5 20.Qxd5 Rd8 21.Qc4 
Qa7 22.a3 Ra4 23.Qb3 Re4 24.Rd3 Qe7 25.Rxd8+ Qxd8 26.Rd1 Qc7 27.Qb5 Bxe5 
28.Qe8+ Kg7 29.Kh1 Rd4 30.Nxd4 Bxd4 31.Rd2 Qf4 32.Qe2 h5 33.g3 Qf5 34.Kg2 
Qf6 35.h4 Qc6+ 36.Qf3 Qd6 37.a4 Qd7 38.b3 Qe6 39.Re2 Qd7 40.Qe4 Qd6 41.b4 
Bc3 42.b5 1-0

[Event "20th EUR-ch"]
[Site "Skopje MKD"]
[Date "2019.03.27"]
[Round "9"]
[White "Basso, Pier Luigi"]
[Black "Onischuk, Volodymyr"]
[Result "0-1"]
[WhiteElo "2521"]
[BlackElo "2626"]
[EventDate "2019.03.18"]
[Board "38"]
[PlyCount "82"]

1.d4 g6 2.e4 d6 3.Nc3 Bg7 4.f4 Nf6 5.Nf3 O-O 6.Bd3 Na6 7.O-O c5 8.d5 Bg4 
9.Bc4 Nc7 10.h3 Bxf3 11.Qxf3 a6 12.a4 b6 13.Qd3 Qc8 14.f5 Nd7 15.Qg3 Ne8 
16.Qh4 Bf6 17.Qe1 Bd4+ 18.Kh1 Nef6 19.Qh4 Qb7 20.Bh6 Be5 21.Rae1 Rfb8 22.
fxg6 hxg6 23.Be2 b5 24.axb5 axb5 25.Rf3 c4 26.Rff1 Nc5 27.Bf3 b4 28.Nd1 b3
29.cxb3 Nd3 30.Re2 Ra1 31.bxc4 Nxb2 32.Ne3 Rxf1+ 33.Nxf1 Nd3 34.Rd2 Qb3 
35.Be2 Nc5 36.Be3 Ncxe4 37.Rd1 Ng3+ 38.Nxg3 Qxe3 39.Bf3 Qf2 40.Nf5 Qxh4 
41.Nxh4 Bg3 0-1

[Event "20th EUR-ch"]
[Site "Skopje MKD"]
[Date "2019.03.27"]
[Round "9"]
[White "Van Foreest, Lucas"]
[Black "Sarana, Alexei"]
[Result "0-1"]
[WhiteElo "2515"]
[BlackElo "2625"]
[EventDate "2019.03.18"]
[Board "39"]
[PlyCount "110"]

1.d4 Nf6 2.Bf4 d5 3.e3 e6 4.Nf3 Bd6 5.Bxd6 Qxd6 6.c4 O-O 7.Nc3 a6 8.c5 Qe7
9.Ne5 Nbd7 10.Nxd7 Nxd7 11.Bd3 c6 12.O-O e5 13.f4 exf4 14.exf4 Qe3+ 15.Rf2
Re8 16.Qe2 Qxe2 17.Rxe2 Rxe2 18.Nxe2 Nf6 19.Ng3 g6 20.h3 Be6 21.Kf2 Ne8 
22.Ke3 Ng7 23.Kd2 f6 24.Re1 Kf7 25.Kc3 h5 26.h4 a5 27.Kb3 Bg4 28.Kc3 Rb8 
29.Re3 b6 30.cxb6 Rxb6 31.Re1 Rb8 32.b3 f5 33.Rf1 Ne6 34.a3 c5 35.dxc5 
Nxc5 36.Bc2 Ke6 37.Re1+ Ne4+ 38.Bxe4 fxe4 39.Re3 Rc8+ 40.Kd2 Rf8 41.Rc3 
Rxf4 42.Ke3 Ke5 43.Rc5 Be6 44.b4 axb4 45.axb4 Rg4 46.Ne2 Rxg2 47.b5 Rh2 
48.b6 Rh3+ 49.Kd2 Rb3 50.Rc6 Bd7 51.Rxg6 Bf5 52.Kc2 Rb5 53.Rg5 Rxb6 54.Kc3
Rg6 55.Rxh5 Rg2 0-1

[Event "20th EUR-ch"]
[Site "Skopje MKD"]
[Date "2019.03.27"]
[Round "9"]
[White "Baron, Tal"]
[Black "Salgado Lopez, Ivan"]
[Result "1/2-1/2"]
[WhiteElo "2506"]
[BlackElo "2622"]
[EventDate "2019.03.18"]
[Board "40"]
[PlyCount "76"]

1.d4 Nf6 2.c4 e6 3.Nc3 d5 4.cxd5 exd5 5.Bg5 c6 6.Qc2 Nbd7 7.e3 h6 8.Bh4 
Be7 9.Bd3 O-O 10.Nge2 Re8 11.f3 Nf8 12.O-O Ne6 13.Rad1 b6 14.Kh1 Bb7 15.h3
Rc8 16.Qb1 Nh5 17.Bf2 Bh4 18.Bg1 Ng3+ 19.Nxg3 Bxg3 20.b4 Bb8 21.Ne2 Qe7 
22.Rde1 Bd6 23.a3 a5 24.bxa5 bxa5 25.a4 Bb4 26.Rc1 c5 27.dxc5 Nxc5 28.Bb5 
Bc6 29.Bxc6 Rxc6 30.Rfd1 Rd6 31.Nd4 Qg5 32.Qa2 Red8 33.Nb5 R6d7 34.Nd4 Qg6
35.Bh2 Re8 36.Bg1 Red8 37.Bh2 Re8 38.Bg1 Red8 1/2-1/2

[Event "20th EUR-ch"]
[Site "Skopje MKD"]
[Date "2019.03.27"]
[Round "9"]
[White "Martirosian, Haik"]
[Black "Goryachkina, Aleksandra"]
[Result "1-0"]
[WhiteElo "2616"]
[BlackElo "2504"]
[EventDate "2019.03.18"]
[Board "41"]
[PlyCount "83"]

1.Nf3 d5 2.g3 c6 3.Bg2 Bg4 4.d3 Nf6 5.Nbd2 Nbd7 6.h3 Bh5 7.O-O e5 8.e4 
dxe4 9.dxe4 Be7 10.Qe1 O-O 11.Nc4 Qc7 12.Nh4 Rfe8 13.a4 Bf8 14.Bd2 Nc5 15.
Bc3 Nfd7 16.f4 exf4 17.gxf4 f6 18.b4 Bf7 19.Nd2 Na6 20.Rb1 Qb6+ 21.Kh1 
Bxb4 22.Bxb4 Nxb4 23.Qg3 Nf8 24.Nf5 Ng6 25.Nd6 Re7 26.e5 Ba2 27.Rb2 fxe5 
28.fxe5 Bd5 29.c3 Bxg2+ 30.Qxg2 Qe3 31.cxb4 Qxe5 32.N2c4 Qe6 33.Rff2 Qe1+ 
34.Kh2 Rd8 35.b5 Qe6 36.Rbe2 Qd7 37.bxc6 bxc6 38.Rxe7 Qxe7 39.Qxc6 Qe6 40.
Qc7 Rf8 41.Qxa7 Rxf2+ 42.Qxf2 1-0

[Event "20th EUR-ch"]
[Site "Skopje MKD"]
[Date "2019.03.27"]
[Round "9"]
[White "Fakhrutdinov, Timur"]
[Black "Pashikian, Arman"]
[Result "1-0"]
[WhiteElo "2485"]
[BlackElo "2616"]
[EventDate "2019.03.18"]
[Board "42"]
[PlyCount "69"]

1.e4 e5 2.Nf3 Nc6 3.d4 exd4 4.Nxd4 Nf6 5.Nxc6 bxc6 6.e5 Qe7 7.Qe2 Nd5 8.c4
Ba6 9.b3 g6 10.Ba3 d6 11.exd6 Qxe2+ 12.Bxe2 Bg7 13.cxd5 Bxe2 14.Kxe2 Bxa1 
15.Rc1 O-O-O 16.f4 c5 17.Bxc5 Kb7 18.Nd2 cxd6 19.Be3 Bf6 20.Nc4 Ka6 21.a4 
Rd7 22.b4 Bd8 23.Nd2 Bb6 24.Rc6 Re8 25.Nc4 Rde7 26.Kd2 Rxe3 27.Nxe3 Rxe3 
28.Rxb6+ Kxb6 29.Kxe3 a5 30.Kd4 axb4 31.Kc4 Ka5 32.Kb3 f5 33.h3 h6 34.h4 
h5 35.g3 1-0

[Event "20th EUR-ch"]
[Site "Skopje MKD"]
[Date "2019.03.27"]
[Round "9"]
[White "Chigaev, Maxim"]
[Black "Godena, Michele"]
[Result "1-0"]
[WhiteElo "2613"]
[BlackElo "2449"]
[EventDate "2019.03.18"]
[Board "43"]
[PlyCount "75"]

1.e4 e5 2.Nf3 Nc6 3.Bc4 Bc5 4.d3 Nf6 5.h3 d6 6.c3 h6 7.Nbd2 Ne7 8.Nf1 Ng6 
9.Ng3 O-O 10.O-O Re8 11.Re1 Bb6 12.Bb3 Be6 13.a4 a5 14.d4 Bxb3 15.Qxb3 d5 
16.exd5 exd4 17.Rxe8+ Qxe8 18.c4 Nd7 19.Bd2 Nc5 20.Qc2 d3 21.Qc3 f6 22.Re1
Qxa4 23.Bxh6 Qc2 24.Qd4 gxh6 25.Qg4 d2 26.Nxd2 h5 27.Nxh5 Kf7 28.Re6 Qxd2 
29.Rxf6+ Ke7 30.Qxg6 Re8 31.Kh2 Qxb2 32.Qg7+ Kd8 33.Rd6+ cxd6 34.Qxb2 Kc7 
35.Ng7 Ra8 36.Ne6+ Nxe6 37.dxe6 a4 38.Qg7+ 1-0

[Event "20th EUR-ch"]
[Site "Skopje MKD"]
[Date "2019.03.27"]
[Round "9"]
[White "Erdos, Viktor"]
[Black "Zajic, Milan"]
[Result "1-0"]
[WhiteElo "2612"]
[BlackElo "2485"]
[EventDate "2019.03.18"]
[Board "44"]
[PlyCount "59"]

1.Nf3 Nf6 2.c4 e6 3.g3 d5 4.d4 Be7 5.Bg2 O-O 6.Nc3 Nbd7 7.Qd3 c6 8.O-O b6 
9.e4 Ba6 10.b3 dxe4 11.Nxe4 b5 12.c5 Nxc5 13.Nxc5 Bxc5 14.Qc2 Bb6 15.Rd1 
Bb7 16.a4 h6 17.Ba3 Re8 18.Bc5 bxa4 19.bxa4 Qc7 20.Ne5 Rab8 21.a5 Bxc5 22.
Qxc5 Ba8 23.Rab1 Rxb1 24.Rxb1 Nd7 25.Nxd7 Qxd7 26.h4 Qc7 27.Be4 Qc8 28.Rb2
Qc7 29.Kh2 Rf8 30.Bh7+ 1-0

[Event "20th EUR-ch"]
[Site "Skopje MKD"]
[Date "2019.03.27"]
[Round "9"]
[White "Moussard, Jules"]
[Black "Murzin, Volodar"]
[Result "1-0"]
[WhiteElo "2601"]
[BlackElo "2337"]
[EventDate "2019.03.18"]
[Board "46"]
[PlyCount "103"]

1.e4 c6 2.Nc3 d5 3.Nf3 Bg4 4.h3 Bxf3 5.Qxf3 e6 6.Be2 Nf6 7.O-O Nbd7 8.d4 
dxe4 9.Nxe4 Nxe4 10.Qxe4 Nf6 11.Qd3 Be7 12.c3 O-O 13.a4 a5 14.Qf3 Nd5 15.
Bd3 Bf6 16.g3 g6 17.h4 Kg7 18.Kg2 h5 19.Re1 Rh8 20.Re2 Qd7 21.Bd2 b5 22.
axb5 cxb5 23.Re4 a4 24.Qe2 Rab8 25.Bg5 Bxg5 26.hxg5 Rhe8 27.Qf3 Rec8 28.
Re5 a3 29.Rxa3 b4 30.Rb3 bxc3 31.Rxb8 Rxb8 32.bxc3 Ne7 33.Rc5 Kg8 34.Qf4 
Rd8 35.Be4 Qe8 36.Qe5 Qf8 37.Qf6 Qe8 38.c4 Qd7 39.Re5 Nc6 40.Bxc6 Qxc6+ 
41.d5 Qa8 42.Kh2 exd5 43.Re7 Rf8 44.c5 d4 45.c6 d3 46.Rd7 h4 47.gxh4 Qa6 
48.h5 Qc4 49.Rd4 d2 50.Rxc4 d1=Q 51.c7 Qxh5+ 52.Kg2 1-0

[Event "20th EUR-ch"]
[Site "Skopje MKD"]
[Date "2019.03.27"]
[Round "9"]
[White "Parligras, Mircea-Emilian"]
[Black "Pultinevicius, Paulius"]
[Result "0-1"]
[WhiteElo "2657"]
[BlackElo "2439"]
[EventDate "2019.03.18"]
[Board "48"]
[PlyCount "74"]

1.Nf3 Nf6 2.c4 g6 3.Nc3 d5 4.cxd5 Nxd5 5.h4 Nxc3 6.bxc3 Bg7 7.h5 c5 8.e3 
Nc6 9.Be2 Bf5 10.Qb3 O-O 11.hxg6 Bxg6 12.Ba3 b6 13.d4 Rc8 14.Rd1 cxd4 15.
cxd4 Na5 16.Qb4 Qd5 17.Bd3 Qxa2 18.Bxg6 hxg6 19.Qxe7 Rfe8 20.Qb4 Bf8 21.
Qb5 Qxa3 22.Qg5 Rc1 23.O-O Rxd1 24.Rxd1 Qe7 25.Qf4 Nc4 26.d5 b5 27.Nd4 Qd7
28.e4 Bg7 29.Nf3 a5 30.Qh4 a4 31.Ng5 a3 32.f4 a2 33.e5 Qa7+ 34.Kh2 a1=Q 
35.Rxa1 Qxa1 36.e6 Nd6 37.Qh7+ Kf8 0-1

[Event "20th EUR-ch"]
[Site "Skopje MKD"]
[Date "2019.03.27"]
[Round "9"]
[White "Van Foreest, Jorden"]
[Black "Ivic, Velimir"]
[Result "0-1"]
[WhiteElo "2621"]
[BlackElo "2487"]
[EventDate "2019.03.18"]
[Board "49"]
[PlyCount "66"]

1.e4 c5 2.Nf3 d6 3.d4 cxd4 4.Nxd4 Nf6 5.Nc3 a6 6.h3 e5 7.Nb3 Be6 8.f4 g6 
9.Be2 Nbd7 10.g4 exf4 11.g5 Nh5 12.Bxh5 Qxg5 13.Bf3 Qg3+ 14.Kd2 Ne5 15.Rf1
Bxh3 16.Nd4 Bxf1 17.Qxf1 Bg7 18.Nce2 Qh4 19.c3 O-O 20.Kc2 b5 21.Bxf4 b4 
22.Qg2 Nxf3 23.Qxf3 bxc3 24.bxc3 Qe7 25.Rg1 Rfe8 26.Kd3 Rac8 27.Rg5 Qb7 
28.Rg1 Qb2 29.Bxd6 Qxa2 30.Qf4 Bxd4 31.cxd4 Qb3+ 32.Kd2 Rc2+ 33.Ke1 Qb1+ 
0-1

[Event "20th EUR-ch"]
[Site "Skopje MKD"]
[Date "2019.03.27"]
[Round "9"]
[White "Blagojevic, Dragisa"]
[Black "Indjic, Aleksandar"]
[Result "1/2-1/2"]
[WhiteElo "2498"]
[BlackElo "2620"]
[EventDate "2019.03.18"]
[Board "50"]
[PlyCount "131"]

1.d4 Nf6 2.c4 e6 3.Nf3 b6 4.g3 Ba6 5.b3 b5 6.cxb5 Bxb5 7.Bg2 d5 8.O-O Nbd7
9.Ba3 Bxa3 10.Nxa3 Ba6 11.Rc1 Qe7 12.Nb1 Rc8 13.Rc6 Bb7 14.Rc2 O-O 15.Qc1 
Qb4 16.Qa3 Qb6 17.Rfc1 Ne4 18.Nc3 Nxc3 19.Rxc3 Rfe8 20.e3 a5 21.Ne1 c6 22.
Nd3 Ra8 23.R3c2 h6 24.Qd6 Qd8 25.Bf1 Ra7 26.Be2 Qb8 27.Qa3 e5 28.dxe5 Nxe5
29.Nxe5 Qxe5 30.Rc5 Qf6 31.Bf1 d4 32.exd4 Qxd4 33.R5c4 Qd2 34.Qc5 Raa8 35.
R4c2 Qb4 36.Qxb4 axb4 37.Bg2 Re5 38.Rc4 Rxa2 39.Rxb4 Ba6 40.Ra4 Rxa4 41.
bxa4 c5 42.Bf1 Re6 43.Bb5 Bxb5 44.axb5 Re5 45.b6 Re6 46.Rb1 Re8 47.Kf1 Kf8
48.b7 Rb8 49.Ke2 Ke7 50.Kd3 Kd6 51.Kc4 Kc6 52.h4 Rxb7 53.Rxb7 Kxb7 54.Kxc5
Kc7 55.h5 Kd7 56.Kd5 Ke7 57.Ke5 Kd7 58.g4 Ke7 59.Kf5 Kf8 60.f4 Ke7 61.g5 
hxg5 62.Kxg5 Kf8 63.h6 g6 64.Kf6 Kg8 65.Ke7 Kh7 66.Kxf7 1/2-1/2

[Event "20th EUR-ch"]
[Site "Skopje MKD"]
[Date "2019.03.27"]
[Round "9"]
[White "Livaic, Leon"]
[Black "Vocaturo, Daniele"]
[Result "0-1"]
[WhiteElo "2477"]
[BlackElo "2616"]
[EventDate "2019.03.18"]
[Board "51"]
[PlyCount "94"]

1.d4 Nf6 2.c4 e6 3.Nf3 d5 4.Nc3 Bb4 5.Qa4+ Nc6 6.e3 O-O 7.Bd2 dxc4 8.Bxc4 
Bd6 9.Nb5 Be7 10.Qc2 a6 11.Nc3 b5 12.Be2 Bb7 13.a3 Bd6 14.Ng5 h6 15.Nge4 
e5 16.d5 Nb8 17.Nxf6+ Qxf6 18.Rc1 Qe7 19.O-O f5 20.e4 f4 21.Bg4 Nd7 22.Na2
Nf6 23.Be6+ Kh8 24.f3 a5 25.Bf5 Qf7 26.Be6 Qe8 27.Bh3 Nh7 28.g3 Ng5 29.Bg2
fxg3 30.hxg3 Qh5 31.g4 Qg6 32.Be3 Rf6 33.Nc3 Ba6 34.b4 Raf8 35.Qe2 axb4 
36.axb4 Bxb4 37.Na2 Ba3 38.Bxg5 b4 39.Qd2 hxg5 40.Nxb4 Bxf1 41.Rxf1 Rb6 
42.Nd3 Rb3 43.Rd1 Qb6+ 44.Kh2 Qh6+ 45.Kg1 Rxd3 46.Qxd3 Bc5+ 47.Kf1 Qh2 0-1

[Event "20th EUR-ch"]
[Site "Skopje MKD"]
[Date "2019.03.27"]
[Round "9"]
[White "Goganov, Aleksey"]
[Black "Jurcik, Marian"]
[Result "1/2-1/2"]
[WhiteElo "2610"]
[BlackElo "2474"]
[EventDate "2019.03.18"]
[Board "52"]
[PlyCount "64"]

1.e4 c5 2.Nf3 e6 3.d4 cxd4 4.Nxd4 a6 5.c4 Nf6 6.Nc3 Qc7 7.Be2 Bb4 8.O-O 
O-O 9.Qd3 d6 10.Bd2 Nc6 11.Nxc6 bxc6 12.a3 Bc5 13.b4 Ba7 14.Rad1 e5 15.Be3
Bxe3 16.Qxe3 Be6 17.Rd2 Rfd8 18.Rfd1 Rd7 19.h3 h6 20.Kh1 Rad8 21.f4 exf4 
22.Qxf4 Ne8 23.Bg4 Bxg4 24.Qxg4 a5 25.e5 axb4 26.axb4 Re7 27.exd6 Rxd6 28.
Rxd6 Nxd6 29.Qf4 Re6 30.c5 Nb5 31.Qxc7 Nxc7 32.Rd8+ Kh7 1/2-1/2

[Event "20th EUR-ch"]
[Site "Skopje MKD"]
[Date "2019.03.27"]
[Round "9"]
[White "Pavlov, Sergey"]
[Black "Svane, Rasmus"]
[Result "0-1"]
[WhiteElo "2471"]
[BlackElo "2610"]
[EventDate "2019.03.18"]
[Board "53"]
[PlyCount "148"]

1.c4 Nf6 2.Nf3 c6 3.d4 d5 4.g3 Bf5 5.Nc3 e6 6.Nh4 dxc4 7.Nxf5 exf5 8.e3 
Nbd7 9.Bxc4 Nb6 10.Bb3 Be7 11.O-O O-O 12.Qf3 Qd7 13.Bd2 Rad8 14.Rfd1 Rfe8 
15.a4 Nbd5 16.a5 a6 17.Bc2 g6 18.Na4 Bd6 19.Nc5 Bxc5 20.dxc5 Qe7 21.b4 Qe5
22.Be1 Nc3 23.Rdc1 Nfe4 24.Bxe4 Nxe4 25.Qe2 h5 26.f3 Nf6 27.Bc3 Qe7 28.Ra3
Nd5 29.Ba1 Qg5 30.f4 Qe7 31.Rd1 h4 32.Rd4 Rc8 33.Qb2 Qf6 34.Rad3 Kh7 35.
Rxd5 Qxb2 36.Bxb2 cxd5 37.Kf2 Re4 38.Bd4 g5 39.fxg5 Kg6 40.gxh4 Rxh4 41.
Be5 Rxb4 42.Rxd5 Kxg5 43.Bd4 Re8 44.Rd7 Kg6 45.Kf3 Rb5 46.h4 f6 47.Rd6 Rf8
48.Kf4 Rxa5 49.h5+ Kxh5 50.Kxf5 Rb5 51.e4 Rb3 52.Bxf6 Rf3+ 53.Ke5 a5 54.
Be7 Ra8 55.c6 bxc6 56.Rxc6 a4 57.Rc2 Kg6 58.Bd6 Rd3 59.Rg2+ Kh5 60.Kf5 
Rf3+ 61.Ke6 Re8+ 62.Be7 Rb3 63.Kf7 Ra8 64.Rg5+ Kh6 65.Rf5 Ra7 66.Rf4 Rh3 
67.Rf2 Kh5 68.e5 Kg4 69.Ke6 Rh6+ 70.Rf6 Rh7 71.Bc5 Ra5 72.Bb4 Ra6+ 73.Kd5 
Rxf6 74.exf6 Kf5 0-1

[Event "20th EUR-ch"]
[Site "Skopje MKD"]
[Date "2019.03.27"]
[Round "9"]
[White "Costachi, Mihnea"]
[Black "Gordievsky, Dmitry"]
[Result "1/2-1/2"]
[WhiteElo "2466"]
[BlackElo "2603"]
[EventDate "2019.03.18"]
[Board "54"]
[PlyCount "35"]

1.d4 d5 2.c4 e6 3.Nc3 a6 4.cxd5 exd5 5.Nf3 Nf6 6.Bg5 Be6 7.e3 Nbd7 8.Bd3 
Bd6 9.O-O O-O 10.Qc2 h6 11.Bf4 Qe7 12.h3 Rfe8 13.Rab1 c6 14.Rfe1 Nf8 15.
Bxd6 Qxd6 16.Na4 Ne4 17.Nc3 Nxc3 18.bxc3 1/2-1/2

[Event "20th EUR-ch"]
[Site "Skopje MKD"]
[Date "2019.03.27"]
[Round "9"]
[White "Solak, Dragan"]
[Black "Diermair, Andreas"]
[Result "1/2-1/2"]
[WhiteElo "2601"]
[BlackElo "2478"]
[EventDate "2019.03.18"]
[Board "55"]
[PlyCount "57"]

1.d4 d5 2.Bg5 h6 3.Bh4 c5 4.dxc5 g5 5.Bg3 Bg7 6.c3 Na6 7.e3 Nxc5 8.Nd2 Nf6
9.Ngf3 Bf5 10.Nb3 Nce4 11.Bb5+ Bd7 12.Bxd7+ Qxd7 13.O-O Nxg3 14.hxg3 g4 
15.Ne5 Qf5 16.Nd3 h5 17.Nd4 Qh7 18.Nc5 h4 19.Qa4+ Kf8 20.Nd7+ Nxd7 21.Qxd7
Bxd4 22.exd4 e6 23.Qd6+ Ke8 24.Rae1 Rd8 25.Qf4 h3 26.Qxg4 Kd7 27.Qh4 Qxh4 
28.gxh4 hxg2 29.Kxg2 1/2-1/2

[Event "20th EUR-ch"]
[Site "Skopje MKD"]
[Date "2019.03.27"]
[Round "9"]
[White "Gavrilescu, David"]
[Black "Georgiev, Kiril"]
[Result "0-1"]
[WhiteElo "2467"]
[BlackElo "2595"]
[EventDate "2019.03.18"]
[Board "56"]
[PlyCount "94"]

1.e4 c5 2.Nf3 d6 3.Bb5+ Bd7 4.Bxd7+ Qxd7 5.c4 Nf6 6.Nc3 g6 7.d4 cxd4 8.
Nxd4 Bg7 9.f3 O-O 10.Be3 Nc6 11.Rc1 Rfd8 12.O-O e6 13.Nxc6 bxc6 14.Na4 Qe7
15.Qd2 Ne8 16.Rfd1 d5 17.cxd5 cxd5 18.exd5 Rxd5 19.Qe2 Nc7 20.Nc3 Rxd1+ 
21.Rxd1 Nd5 22.Nxd5 exd5 23.Qf2 Bxb2 24.Rxd5 Rc8 25.Rd1 a6 26.Qd2 h5 27.
Bf2 Bf6 28.Qd3 Qe6 29.Qb3 Rc4 30.g3 Kg7 31.Kg2 a5 32.Rd6 Qe8 33.Rd2 Qe6 
34.Rd6 Qc8 35.Qb6 Rb4 36.Qxa5 Rb2 37.Qa7 h4 38.gxh4 Qc4 39.Qe3 Re2 40.Qa7 
Bxh4 41.Qd4+ Qxd4 42.Rxd4 Bxf2 43.Ra4 Bc5+ 44.Kg3 Rb2 45.h4 Bd6+ 46.f4 Rb4
47.Rxb4 Bxb4 0-1

[Event "20th EUR-ch"]
[Site "Skopje MKD"]
[Date "2019.03.27"]
[Round "9"]
[White "Antipov, Mikhail"]
[Black "Gumularz, Szymon"]
[Result "1-0"]
[WhiteElo "2594"]
[BlackElo "2473"]
[EventDate "2019.03.18"]
[Board "57"]
[PlyCount "48"]

1.e4 c6 2.d4 d5 3.e5 Bf5 4.Nf3 e6 5.Be2 Nd7 6.O-O Bg6 7.c3 a6 8.Nbd2 c5 9.
c4 Ne7 10.dxc5 Nxc5 11.Nb3 Nc6 12.Be3 Nxb3 13.Qxb3 d4 14.Rad1 Bc5 15.Nxd4 
Bxd4 16.Bf3 Qe7 17.Bxd4 Nxd4 18.Rxd4 O-O 19.Qa4 Rac8 20.h4 h6 21.h5 Bf5 
22.b4 b6 23.Rfd1 a5 24.b5 Qc5 1-0

[Event "20th EUR-ch"]
[Site "Skopje MKD"]
[Date "2019.03.27"]
[Round "9"]
[White "Donchenko, Alexander"]
[Black "Tutisani, Noe"]
[Result "1/2-1/2"]
[WhiteElo "2593"]
[BlackElo "2467"]
[EventDate "2019.03.18"]
[Board "58"]
[PlyCount "57"]

1.e4 e5 2.Nf3 Nc6 3.Bb5 a6 4.Ba4 Nf6 5.O-O b5 6.Bb3 Bb7 7.d3 Be7 8.Re1 O-O
9.Nbd2 d6 10.a4 Rb8 11.c3 Nd7 12.Nf1 Nc5 13.Bc2 Nxa4 14.Bxa4 bxa4 15.Qxa4 
f5 16.exf5 Rxf5 17.Ng3 Rf7 18.Qg4 Qf8 19.Ng5 Bc8 20.Qc4 Bxg5 21.Bxg5 Nd8 
22.Bxd8 Qxd8 23.Re2 g6 24.Rd1 Qd7 25.Qh4 Rf4 26.Qg5 Qg7 27.Qd8+ Rf8 28.Qg5
Rf4 29.Qd8+ 1/2-1/2

[Event "20th EUR-ch"]
[Site "Skopje MKD"]
[Date "2019.03.27"]
[Round "9"]
[White "Grinberg, Eyal"]
[Black "Stocek, Jiri"]
[Result "1-0"]
[WhiteElo "2467"]
[BlackElo "2592"]
[EventDate "2019.03.18"]
[Board "59"]
[PlyCount "63"]

1.e4 c5 2.Nf3 Nc6 3.d4 cxd4 4.Nxd4 Nf6 5.Nc3 d6 6.Bg5 Bd7 7.Qd2 Rc8 8.
O-O-O h6 9.Bxf6 gxf6 10.Kb1 h5 11.f4 h4 12.Bc4 Nxd4 13.Qxd4 Qa5 14.Bd5 e6 
15.Bb3 Be7 16.Rhe1 Rh5 17.f5 b6 18.fxe6 fxe6 19.e5 Rxe5 20.Qxh4 Kd8 21.Qh7
Rxe1 22.Rxe1 d5 23.Qg8+ Kc7 24.Qf7 Re8 25.Rxe6 Bxe6 26.Qxe8 Qc5 27.a3 a6 
28.Bxd5 Bd7 29.Qa8 Bc8 30.Bf3 Bd6 31.Nd5+ Kd8 32.Bg4 1-0

[Event "20th EUR-ch"]
[Site "Skopje MKD"]
[Date "2019.03.27"]
[Round "9"]
[White "Del Rio Angelis, Salvador Gabriel"]
[Black "Wagner, Dennis"]
[Result "1/2-1/2"]
[WhiteElo "2464"]
[BlackElo "2580"]
[EventDate "2019.03.18"]
[Board "60"]
[PlyCount "81"]

1.d4 Nf6 2.c4 g6 3.Nc3 d5 4.cxd5 Nxd5 5.e4 Nxc3 6.bxc3 Bg7 7.Bc4 c5 8.Ne2 
Nc6 9.Be3 O-O 10.O-O b6 11.Qd2 Bb7 12.Rad1 cxd4 13.cxd4 Rc8 14.Bh6 Qd6 15.
Bxg7 Kxg7 16.Bb3 Na5 17.Ng3 Nxb3 18.axb3 f6 19.Rfe1 Rc7 20.d5 Rd8 21.Nf1 
Qe5 22.Ra1 Ra8 23.Qd1 e6 24.Nd2 exd5 25.Nf3 Qd6 26.e5 fxe5 27.Rxe5 d4 28.
Qxd4 Qxd4 29.Nxd4 Rd7 30.Nc2 Bd5 31.b4 Kf6 32.Re3 Rc8 33.Re2 Rdc7 34.Ne1 
Rc1 35.Rxa7 R8c2 36.Re3 Rc3 37.Re2 R3c2 38.Re3 Rc3 39.Re2 Bc4 40.Re4 Bd5 
41.Re2 1/2-1/2

[Event "20th EUR-ch"]
[Site "Skopje MKD"]
[Date "2019.03.27"]
[Round "9"]
[White "Arnaudov, Petar Georgiev"]
[Black "Djukic, Nikola"]
[Result "1/2-1/2"]
[WhiteElo "2462"]
[BlackElo "2572"]
[EventDate "2019.03.18"]
[Board "61"]
[PlyCount "71"]

1.d4 Nf6 2.c4 g6 3.Nc3 d5 4.Nf3 Bg7 5.h4 c6 6.Bg5 Ne4 7.e3 Qa5 8.Rc1 Nd7 
9.cxd5 cxd5 10.Qb3 Nxg5 11.hxg5 e6 12.Bd3 a6 13.Ke2 h6 14.gxh6 Rxh6 15.
Rxh6 Bxh6 16.Qc2 Nf8 17.Ne5 Bg7 18.Qa4+ Qxa4 19.Nxa4 Bxe5 20.dxe5 Bd7 21.
Nb6 Rb8 22.f4 Kd8 23.e4 dxe4 24.Bxe4 Bb5+ 25.Kf3 Nd7 26.Nxd7 Bxd7 27.Rh1 
Ke7 28.Kg4 Bc6 29.Bxc6 bxc6 30.b3 Rd8 31.Rc1 Rd2 32.g3 Rxa2 33.Rxc6 Kf8 
34.Kg5 Kg7 35.g4 Ra5 36.Rc7 1/2-1/2

[Event "20th EUR-ch"]
[Site "Skopje MKD"]
[Date "2019.03.27"]
[Round "9"]
[White "Meskovs, Nikita"]
[Black "Belyakov, Bogdan"]
[Result "1/2-1/2"]
[WhiteElo "2568"]
[BlackElo "2464"]
[EventDate "2019.03.18"]
[Board "62"]
[PlyCount "95"]

1.g3 c5 2.Bg2 Nc6 3.c4 g6 4.Nc3 Bg7 5.a3 Nf6 6.Rb1 a5 7.e4 O-O 8.Nge2 Ne8 
9.d3 Nc7 10.Be3 Ne6 11.Nb5 d6 12.O-O Bd7 13.f4 a4 14.f5 Ned4 15.Nexd4 cxd4
16.Bg5 h6 17.Bf4 g5 18.Bc1 Bf6 19.b3 axb3 20.Rxb3 Kg7 21.Bd2 Ne5 22.Bc1 
Bxb5 23.Rxb5 Qc7 24.Rf2 Ra5 25.Rb4 Rc8 26.Rb1 Rb8 27.a4 Rba8 28.Ra2 Qc6 
29.Rba1 b6 30.Qb3 R8a7 31.Bd2 R5a6 32.Qb5 Qc8 33.Ra3 Nd7 34.Bf3 Ne5 35.Be2
Ra8 36.Bb4 Qc7 37.Be1 Nd7 38.Bf3 Ne5 39.Bd1 Qc8 40.Kg2 Qb7 41.Qb3 Nd7 42.
Kg1 Qc8 43.Qb2 Ne5 44.Bf2 Nc6 45.Rb1 Qc7 46.Qa1 R8a7 47.Rb5 Ra8 48.Bf3 
1/2-1/2